=LDR 00000nam 2200000 4500 =001 INLIS000000000009732 =005 20130612101520 =008 ***********************************Ind** =035 ##$$0010-061300000009732 =041 ##$$a Ind =082 ##$$a 634.2 =090 ##$$a 634.2, Sug a =100 ##$$a Sugiyanto =245 ##$$a Dungerah Gunung Slamet, Soegiyanto =260 ##$$a 1989 $b Jakarta =300 ##$$a 101 hlmilus, 21 cm =650 ##$$a Hutan dan Kehutanan =850 ##$$a NBPNMAT